Statistics for Guess the Greek deities by the symbol (hard)

Click here to take the quiz!

General Stats

  • This quiz has been taken 8 times
  • The average score is 8 of 14

Answer Stats

SymbolGod% Correct
AppleAphrodite
100%
BullZeus
86%
BearArtemis
71%
SpearAthena
71%
PomegranateHera
71%
RavenApollo
57%
CornucopiaHades
57%
KettleHestia
57%
SnakeAres
43%
TorchDemeter
43%
IvyDionysus
43%
HareHermes
43%
PinePoseidon
43%
DonkeyHephaestus
29%

Score Distribution

Percentile by Number Answered

Percent of People with Each Score

Your Score History

You have not taken this quiz